• 首页
  • 本馆介绍
  • 公告通知
  • 最新文献
  • 馆藏检索
  • 电子资源
  • 读者导购
  • 参考咨询
  • 我的图书馆
  • 登录
  • 详细信息显示
  • 放入我的书架
  • 预约/预借图书
  • 作者相关作品
  • 分类相关作品
  • 丛书相关作品
  • 出版社相关作品

书目信息

  • 表格格式
  • 工作单格式
  • 卡片格式
题名:
勿忘草
    
 
作者: 竹久梦二 著 ;曾杨 译
分册:  
出版信息: 成都   四川文艺出版社  2019
页数: 236页
开本: 21cm
丛书名:
单 册:
中图分类: I313.88
科图分类:
主题词: 童话--作品集--日本--近代
电子资源:
ISBN: 978-7-5411-5249-8
000 00650nam0 2200229 450
001 2369690360
005 20231205192147.56
010    @a978-7-5411-5249-8@dCNY38.00
100    @a20190530d2019 em y0chiy50 ea
101 1  @achi@cjpn
102    @aCN@b510000
105    @ay z 000fy
200 1  @a勿忘草@Awu wang cao@f(日)竹久梦二著@g曾杨译
205    @a2版
210    @a成都@c四川文艺出版社@d2019
215    @a236页@d21cm
606 0  @a童话@x作品集@y日本@z近代
690    @aI313.88@v5
701  0 @c(日)@a竹久梦二@Azhu jiu meng er@f(1884-1934)@4著
702  0 @a曾杨@Azeng yang@4译
801  0 @aCN@b91MARC@c20190604
905    @aZUCC@dI313.88@e4=2
    
    勿忘草/(日)竹久梦二著/曾杨译.-2版.-成都:四川文艺出版社,2019
    236页;21cm
    
    
    ISBN 978-7-5411-5249-8:CNY38.00
    
●
相关链接 在五车中查询图书 在当当中查询图书 在豆瓣中查询图书


正题名:勿忘草     索取号:I313.88/4=2         预约/预借

序号 登录号 条形码 馆藏地/架位号 状态 备注
1 2001267917   2001267917   辽宁北方(第一批)/辽宁北方(第一批)/331/ [索取号:I313.88/4=2] 在馆    
2 2001267918   2001267918   辽宁北方(第一批)/辽宁北方(第一批)/331/ [索取号:I313.88/4=2] 在馆    
3 2001267919   2001267919   辽宁北方(第一批)/辽宁北方(第一批)/331/ [索取号:I313.88/4=2] 在馆    
4 2001267920   2001267920   辽宁北方(第一批)/辽宁北方(第一批)/331/ [索取号:I313.88/4=2] 在馆    
5 2001267921   2001267921   辽宁北方(第一批)/辽宁北方(第一批)/331/ [索取号:I313.88/4=2] 在馆    
6 2001267922   2001267922   辽宁北方(第一批)/辽宁北方(第一批)/331/ [索取号:I313.88/4=2] 在馆    
山东省滨州职业学院图书馆 欢迎您!
大连网信软件有限公司© 版权所有